ՀՀ Գիտությունների ազգային ակադեմիայի հիմնարար գիտական գրադարան  =   Fundamental Scientific Library of NAS RA

Խուստուփի լանջերին : (Record no. 90744)

MARC details
000 -LEADER
fixed length control field 00901nam a2200229 a 4500
001 - CONTROL NUMBER
control field 000252818
003 - CONTROL NUMBER IDENTIFIER
control field AM-YeHGA
005 - DATE AND TIME OF LATEST TRANSACTION
control field 20250618071709.0
008 - FIXED-LENGTH DATA ELEMENTS--GENERAL INFORMATION
fixed length control field 030807s1955 ai a|||gr|||||||||1|arm|d
040 ## - CATALOGING SOURCE
Original cataloging agency AM-YeHGA
041 0# - LANGUAGE CODE
Language code of text/sound track or separate title arm
090 ## - LOCALLY ASSIGNED LC-TYPE CALL NUMBER (OCLC); LOCAL CALL NUMBER (RLIN)
-- 92038
100 1# - MAIN ENTRY--PERSONAL NAME
Personal name Օրբելյան, Սողոմոն Սմբատի
245 10 - TITLE STATEMENT
Title Խուստուփի լանջերին :
Remainder of title [Պատմվածքներ] /
Statement of responsibility, etc. Ս. Օրբելյան ; Խմբ.՝ Լ. Հախվերդյան ; Նկ.՝ Լ. Մանասերյան.
260 ## - PUBLICATION, DISTRIBUTION, ETC.
Place of publication, distribution, etc. Երևան :
Name of publisher, distributor, etc. Հայպետհրատ,
Date of publication, distribution, etc. 1955.
300 ## - PHYSICAL DESCRIPTION
Extent 28 էջ :
Other physical details նկ. ;
Dimensions 23 սմ.
650 14 - SUBJECT ADDED ENTRY--TOPICAL TERM
Topical term or geographic name entry element Հայ մանկական գրականություն
9 (RLIN) 5413
653 0# - INDEX TERM--UNCONTROLLED
Uncontrolled term Բնություն, կենդանիներ
700 1# - ADDED ENTRY--PERSONAL NAME
Personal name Հախվերդյան, Լևոն Հովհաննեսի,
Dates associated with a name 1924-2003
Relator term խմբ.
Relationship edt
9 (RLIN) 1318
700 1# - ADDED ENTRY--PERSONAL NAME
Personal name Մանասերյան, Լ.
Relator term նկ.
Relationship art
942 ## - ADDED ENTRY ELEMENTS (KOHA)
Source of classification or shelving scheme Universal Decimal Classification
Koha item type Գրքեր / Books
Koha issues (borrowed), all copies 1
Holdings
Withdrawn status Lost status Damaged status Not for loan Collection Home library Current library Date acquired Total checkouts Full call number Barcode Date last seen Date last checked out Price effective from Koha item type Public note
        General Fundamental Scientific Library Fundamental Scientific Library 22/12/2016 1 AII/30717 220030717 24/01/2025 24/01/2025 22/12/2016 Գրքեր / Books 30 Days Loan
        General Fundamental Scientific Library Fundamental Scientific Library 22/12/2016   AII/30718 220030718 22/12/2016   22/12/2016 Գրքեր / Books 30 Days Loan


ՀՀ ԳԱԱ հիմնարար գիտական գրադարան
ՀՀ,Երևան 0019
Մարշալ Բաղրամյան 24/6
հեռախոս:(374-10) 52-47-50
Հետադարձ կապ

All site content, except where otherwise noted, is licensed under a
Creative Commons License